000 00463cam a2200181ua 4500
001 3521
008 111121n ii |||gr||||Z||||||asm
040 _cMAIN
082 _a891.451
100 _aDutta, Pankaj Kumar,
_eAuthor.
245 1 1 _aUshatar sahitya sankalan
_cby Pankaj Kumar Dutta
250 _a6th.
260 _aGuwahati:
_bMani Manik Prakash,995.
300 _a200p:
_c23cm.
653 _aAssamese
653 _aUshatar sahitya sankalan
942 _cBK
999 _c3362
_d3362